000 00493nam a2200157Ia 4500
008 160316s1991 xxu||||| |||| 00| 0 eng d
082 _a923.200000
_bVAK
100 _aVakil A K
245 _aGandhi - Ambedkar dispute : An analytical study
250 _a
260 _aNew Delhi
_bAshish Publishing House
_c1991
300 _a201p
_b
_c
365 _bRs.200/-
650 _a1.Gandhi - Ambedkar - Differnce of Opinions 2.Gandhi - Ambedkar - Personality - A Comparative Study
700 _a
_a
999 _c12555
_d12555